Child-welfare conditions and resources in seven Pennsylvania counties, (Record no. 35833)

MARC details
000 -LEADER
fixed length control field 01071cam a22002411 4500
001 - CONTROL NUMBER
control field l 26000274
003 - CONTROL NUMBER IDENTIFIER
control field DLC
005 - DATE AND TIME OF LATEST TRANSACTION
control field 20260227111530.0
008 - FIXED-LENGTH DATA ELEMENTS--GENERAL INFORMATION
fixed length control field 820626s1927 xx a 000 0 eng
010 ## - LIBRARY OF CONGRESS CONTROL NUMBER
LC control number l 26000274
035 ## - SYSTEM CONTROL NUMBER
System control number (OCoLC)14732944
040 ## - CATALOGING SOURCE
Original cataloging agency DLC
Transcribing agency DNLM
Modifying agency OCoLC
-- DLC
042 ## - AUTHENTICATION CODE
Authentication code premarc
050 00 - LIBRARY OF CONGRESS CALL NUMBER
Classification number HV742.P4
Item number D4
060 0# - NATIONAL LIBRARY OF MEDICINE CALL NUMBER
Classification number W1
Item number UN6181 no.176 1927
100 1# - MAIN ENTRY--PERSONAL NAME
Personal name Deardorff, Neva Ruth,
Dates associated with a name 1887-
245 10 - TITLE STATEMENT
Title Child-welfare conditions and resources in seven Pennsylvania counties,
Statement of responsibility, etc. by Neva R. Deardorff.
260 ## - PUBLICATION, DISTRIBUTION, ETC.
Place of publication, distribution, etc. Washington,
Name of publisher, distributor, etc. U.S. Govt. print. off.,
Date of publication, distribution, etc. 1927.
300 ## - PHYSICAL DESCRIPTION
Extent vii, 305 p.
Other physical details ill.
410 10 - SERIES STATEMENT/ADDED ENTRY--CORPORATE NAME [OBSOLETE, CAN/MARC], [LOCAL, USA]
Corporate name or jurisdiction name as entry element United States.
Subordinate unit Children's Bureau.
Title of a work Publication
Volume number/sequential designation no. 176
500 ## - GENERAL NOTE
General note At head of title: U. S. Department of labor. James J. Davis, secretary. Children's bureau. Grace Abbott, chief.
500 ## - GENERAL NOTE
General note "The investigation was made by the Social-service division of the Children's bureau. The report has been written by Dr. Neva R. Deardorff, the executive secretary of the Pennsylvania children's commission." - Letter of transmittal.

No items available.

Powered by Koha